| 000 | 00959cad a22001935a 4500 | ||
|---|---|---|---|
| 001 | E153267 | ||
| 008 | 110704s2009 xxk f 000 0 eng d | ||
| 035 | _a(Sirsi) u153267 | ||
| 041 | 0 | _aeng | |
| 110 | 2 |
_aScottish Civic Trust _92679 |
|
| 245 | 0 | 0 |
_aDing it doon _ba guide to the policy and legislative processes of demolition _h[electronic resource] |
| 260 |
_aGlasgow _bScottish Civic Trust _c2009 |
||
| 490 | 0 | _aScottish Civic Trust Briefing Note | |
| 520 | _aSets out the policy and legislation related to the demolition of buildings. Looks at the planning and building warrant processes, and covers all buildings and structures, both listed and unlisted. | ||
| 651 | 4 |
_aScotland _y1999- |
|
| 690 | _aENVIRONMENTAL AND LAND CONSULTANCY-PLANNING AND DEVELOPMENT | ||
| 856 | 4 | 0 |
_uhttps://www.scottishcivictrust.org.uk/media/92498/demolition%20briefing%20note%20march%202009.pdf _zView the item free of charge at www.scottishcivictrust.org.uk |
| 942 | _n0 | ||
| 999 |
_c112441 _d112441 |
||